书目信息 |
| 题名: |
开关电源技术
|
|
| 作者: | 杨旭 , 裴云庆 , 王兆安 编著 | |
| 分册: | ||
| 出版信息: | 北京 机械工业出版社 2004.03 |
|
| 页数: | 281页 | |
| 开本: | 21cm | |
| 丛书名: | 电气自动化新技术丛书 | |
| 单 册: | ||
| 中图分类: | TN86 | |
| 科图分类: | ||
| 主题词: | 开关电源 | |
| 电子资源: | ||
| ISBN: | 7-111-13192-4 | |
| 000 | 00788nam2 2200265 45 | |
| 001 | 012004000000 | |
| 005 | 20050114151710.12 | |
| 010 | @a7-111-13192-4@dCNY 19.00 | |
| 100 | @a20041210e2004 em y0chiy0121 ea | |
| 101 | 0 | @achi |
| 102 | @aCN@b110000 | |
| 105 | @aa z 000yy | |
| 200 | 1 | @a开关电源技术@Akai guan dian yuan ji shu@f杨旭, 裴云庆, 王兆安编著 |
| 210 | @a北京@c机械工业出版社@d2004.03@h2004.3第1版第2次印刷 | |
| 215 | @a281页@c图@d21cm | |
| 225 | 2 | @a电气自动化新技术丛书 |
| 320 | @a本书含参考文献 | |
| 410 | 0 | @12001 @a电气自动化新技术丛书 |
| 606 | 0 | @a开关电源 |
| 690 | @aTN86@v4 | |
| 701 | 0 | @a杨旭@Ayang xu@4编著 |
| 701 | 0 | @a裴云庆@Apei yun qing@4编著 |
| 701 | 0 | @a王兆安@Awang zhao an@4编著 |
| 801 | 0 | @aCN@bQSSKxf@c20050114 |
| 905 | @a10447@dTN86@eY309 | |
| 开关电源技术/杨旭, 裴云庆, 王兆安编著.-北京:机械工业出版社,2004.03(2004.3第1版第2次印刷) |
| 281页:图;21cm.-(电气自动化新技术丛书) |
| ISBN 7-111-13192-4:CNY 19.00 |
| ● |
| 相关链接 |
|
|
|
正题名:开关电源技术
索取号:TN86/Y309
 
预约/预借
| 序号 | 登录号 | 条形码 | 馆藏地/架位号 | 状态 | 备注 |
| 1 | 437506 | 204375069 | 自科库301/301自科库 25排4列4层/ [索取号:TN86/Y309] | 在馆 | |
| 2 | 437507 | 204375078 | 自科库301/301自科库 33排2列2层/ [索取号:TN86/Y309] | 在馆 | |
| 3 | 437508 | 204375087 | 自科库301/301自科库 33排2列2层/ [索取号:TN86/Y309] | 在馆 |